[Event "Elekes Memorial op"]
[Site "Budapest"]
[Date "2015.07.18"]
[Round "1"]
[White "Geher, Koppany"]
[Black "Toth, Lili"]
[Result "0-1"]
[WhiteElo "1854"]
[BlackElo "2144"]
[PlyCount "68"]
[EventDate "2015.07.18"]
[EventType "swiss"]
[EventRounds "9"]
[EventCountry "HUN"]
[SourceTitle "EXT 2016"]
[Source "ChessBase"]
[SourceDate "2015.10.08"]
[SourceVersion "1"]
[SourceVersionDate "2015.10.08"]
[SourceQuality "1"]

1. e4 e6 2. Nc3 d5 3. Nf3 Nf6 4. e5 Nfd7 5. d4 c5 6. dxc5 Nc6 7. Bf4 Bxc5 8. Bd3 f6 9. exf6 Nxf6 10. 0-0 0-0 11. Qd2 Kh8 12. a3 Bd6 13. Bxd6 Qxd6 14. Nb5 Qb8 15. Qg5 a6 16. Nbd4 Nxd4 17. Nxd4 e5 18. Nf5 Qc7 19. c3 e4 20. Be2 Bxf5 21. Qxf5 Rae8 22. Qg5 Re5 23. Qe3 Nh5 24. Bxh5 Rxh5 25. Qg3 Qe7 26. Rad1 Rg5 27. Qh3 h6 28. c4 dxc4 29. Rd7 Qe5 30. Rxb7 Kh7 31. Rb6 Rf3 32. Qe6 Qf4 33. Rxa6 e3 34. Rc6 Rxf2 0-1

[Event "BL 1314 (Women)"]
[Site "Germany"]
[Date "2014.03.30"]
[Round "11"]
[White "Kachiani Gersinska, Ketino"]
[Black "Toth, Lili"]
[Result "1-0"]
[WhiteElo "2364"]
[BlackElo "2170"]
[PlyCount "105"]
[EventDate "2013.10.04"]
[EventType "team-tourn"]
[EventRounds "11"]
[EventCountry "GER"]
[SourceTitle "EXT 2015"]
[Source "ChessBase"]
[SourceDate "2014.11.20"]
[SourceVersion "1"]
[SourceVersionDate "2014.11.20"]
[SourceQuality "1"]
[WhiteTeam "Baden-Baden (W)"]
[BlackTeam "Friedberg (W)"]
[WhiteTeamCountry "GER"]
[BlackTeamCountry "GER"]

1. Nf3 Nf6 2. c4 e6 3. g3 d5 4. b3 c6 5. Bb2 Nbd7 6. Bg2 Bd6 7. d4 0-0 8. Nbd2 Re8 9. 0-0 b6 10. Qc2 Bb7 11. e4 Nxe4 12. Nxe4 dxe4 13. Qxe4 Rb8 14. Rad1 Qc7 15. Qc2 f6 16. Rfe1 c5 17. d5 exd5 18. cxd5 Rxe1+ 19. Rxe1 Nf8 20. Nh4 Qf7 21. Nf5 Rd8 22. Rd1 Ng6 23. Bc1 Bc8 24. Nxd6 Rxd6 25. b4 Bg4 26. f3 Bd7 27. bxc5 Rxd5 28. cxb6 axb6 29. f4 Rxd1+ 30. Qxd1 Qe7 31. Kf2 Nf8 32. Be3 Qb4 33. Bd5+ Kh8 34. Bb3 h6 35. Qd4 Qxd4 36. Bxd4 b5 37. Ke3 Ne6 38. Kd3 f5 39. Kc3 Kg8 40. Kb4 Kf7 41. Be5 g5 42. a3 Ke7 43. Bd5 Nd8 44. Kc5 Nf7 45. Bc7 gxf4 46. gxf4 h5 47. Bc6 Nh6 48. Bxb5 Bxb5 49. Kxb5 Kd7 50. Kb6 Ng4 51. a4 Ne3 52. Kb7 Nd5 53. Be5 1-0

[Event "BL 1314 (Women)"]
[Site "Germany"]
[Date "2013.10.06"]
[Round "2.6"]
[White "Nagel, Verena"]
[Black "Toth, Lili"]
[Result "1/2-1/2"]
[WhiteElo "2007"]
[BlackElo "2170"]
[PlyCount "105"]
[EventDate "2013.10.04"]
[EventType "team-tourn"]
[EventRounds "11"]
[EventCountry "GER"]
[SourceTitle "EXT 2018"]
[Source "ChessBase"]
[SourceDate "2017.10.13"]
[SourceVersion "1"]
[SourceVersionDate "2017.10.13"]
[SourceQuality "1"]
[WhiteTeam "Grosslehna (W)"]
[BlackTeam "Friedberg (W)"]
[WhiteTeamCountry "GER"]
[BlackTeamCountry "GER"]

1. d4 Nf6 2. Nf3 e6 3. e3 b6 4. Nbd2 c5 5. Bd3 Bb7 6. c3 cxd4 7. exd4 d6 8. 0-0 Be7 9. Qe2 Nbd7 10. Nc4 Nd5 11. Re1 0-0 12. Qc2 N7f6 13. Bd2 a6 14. Bg5 h6 15. Bd2 b5 16. Ne3 Nf4 17. Nf1 Nh3+ 18. gxh3 Bxf3 19. Re3 Bb7 20. Rae1 Nh5 21. Be4 Bxe4 22. Rxe4 d5 23. Rg4 Kh8 24. Qc1 g5 25. Rg2 Rg8 26. Qd1 Nf4 27. Bxf4 gxf4 28. Qh5 Rxg2+ 29. Kxg2 Qg8+ 30. Kf3 Qg7 31. Nd2 Rg8 32. Rg1 Qf6 33. Rxg8+ Kxg8 34. Nb3 b4 35. Qg4+ Kf8 36. Qxf4 Qxf4+ 37. Kxf4 bxc3 38. bxc3 Bd6+ 39. Ke3 Bxh2 40. f4 Ke7 41. Nc5 Kf6 42. Nxa6 Kf5 43. Nb4 Bxf4+ 44. Kf3 Bd2 45. a4 Bxc3 46. Nc6 e5 47. a5 Bxa5 48. Nxa5 exd4 49. Nc6 d3 50. Nd4+ Kg6 51. Ke3 d2 52. Kxd2 Kg5 53. Ke3 1/2-1/2

[Event "Bornholm (Women)"]
[Site "Ronne"]
[Date "2013.07.06"]
[Round "8"]
[White "Krasenkova, Ilena"]
[Black "Toth, Lili"]
[Result "0-1"]
[WhiteElo "2115"]
[BlackElo "2161"]
[PlyCount "90"]
[EventDate "2013.07.02"]
[EventType "tourn"]
[EventRounds "9"]
[EventCountry "DEN"]
[SourceTitle "EXT 2018"]
[Source "ChessBase"]
[SourceDate "2017.10.13"]
[SourceVersion "1"]
[SourceVersionDate "2017.10.13"]
[SourceQuality "1"]

1. d4 d5 2. c4 e6 3. Nf3 Nf6 4. g3 dxc4 5. Qa4+ c6 6. Qxc4 b5 7. Qc2 Bb7 8. Bg2 Nbd7 9. 0-0 c5 10. Bg5 Rc8 11. Qd3 c4 12. Qd1 Qb6 13. a3 h6 14. Bxf6 Nxf6 15. Nc3 Be7 16. Qc2 0-0 17. e4 Rfd8 18. Rfd1 a5 19. d5 exd5 20. e5 Nh7 21. Nd4 b4 22. axb4 axb4 23. Na4 Qc7 24. e6 Bf6 25. Bh3 Bxd4 26. exf7+ Qxf7 27. Rxd4 Ng5 28. Bg2 Ne6 29. Rdd1 d4 30. Nb6 Bxg2 31. Kxg2 Qb7+ 32. Kg1 Qxb6 33. Qf5 Rf8 34. Qg4 d3 35. Rf1 Ng5 36. h4 Nf3+ 37. Kg2 Nd2 38. Rfe1 Qxf2+ 39. Kh3 Qf5 40. Re7 Qxg4+ 41. Kxg4 Rf7 42. Re3 Nf1 43. Ree1 c3 44. bxc3 bxc3 45. Red1 Ne3+ 0-1

[Event "Bornholm (Women)"]
[Site "Ronne"]
[Date "2013.07.03"]
[Round "3"]
[White "Bhatia, Kanwal K"]
[Black "Toth, Lili"]
[Result "0-1"]
[WhiteElo "2034"]
[BlackElo "2161"]
[PlyCount "128"]
[EventDate "2013.07.02"]
[EventType "tourn"]
[EventRounds "9"]
[EventCountry "DEN"]
[SourceTitle "EXT 2014"]
[Source "ChessBase"]
[SourceDate "2013.11.20"]
[SourceVersion "1"]
[SourceVersionDate "2013.11.20"]
[SourceQuality "1"]

1. e4 e6 2. d4 d5 3. Nd2 Be7 4. Ngf3 Nf6 5. e5 Nfd7 6. Bd3 c5 7. c3 Nc6 8. 0-0 g5 9. dxc5 g4 10. Nd4 Ndxe5 11. Bb5 Bd7 12. N2b3 h5 13. Re1 Qc7 14. Bf4 f6 15. Qe2 0-0-0 16. Nxc6 bxc6 17. Ba6+ Kb8 18. Qe3 Ka8 19. Qd4 Rde8 20. Rxe5 Qd8 21. Qb4 Qb8 22. Re4 e5 23. Na5 Qxb4 24. Rxb4 Bxc5 25. Bb7+ Kb8 26. Rb3 Kc7 27. Be3 Bb6 28. Ra3 Bxa5 29. Rxa5 Kxb7 30. Rxa7+ Kc8 31. Bb6 Rh7 32. Rc7+ Kb8 33. Ra7 Bf5 34. Rxh7 Bxh7 35. a4 Kb7 36. a5 h4 37. Rd1 h3 38. g3 Be4 39. Kf1 f5 40. Be3 Ka6 41. b4 Rf8 42. Bc5 Rf6 43. Be7 Re6 44. Bg5 c5 45. bxc5 Kxa5 46. Be3 Kb5 47. Ke1 Kc4 48. Ra1 Kxc3 49. Rc1+ Bc2 50. Ra1 d4 51. Bd2+ Kc4 52. Ra5 Rc6 53. Ke2 Bd3+ 54. Kd1 Rxc5 55. Rxc5+ Kxc5 56. Bg5 Kd5 57. Kd2 Ke4 58. Bf6 Ba6 59. Ke1 d3 60. Bg7 Kf3 61. Bxe5 d2+ 62. Kxd2 Kg2 63. Ke3 Kxh2 64. f3 Kg2 0-1

[Event "Bornholm (Women)"]
[Site "Ronne"]
[Date "2013.07.03"]
[Round "2"]
[White "Toth, Lili"]
[Black "Kryger, Oksana"]
[Result "1-0"]
[WhiteElo "2161"]
[BlackElo "2151"]
[PlyCount "87"]
[EventDate "2013.07.02"]
[EventType "tourn"]
[EventRounds "9"]
[EventCountry "DEN"]
[SourceTitle "EXT 2014"]
[Source "ChessBase"]
[SourceDate "2013.11.20"]
[SourceVersion "1"]
[SourceVersionDate "2013.11.20"]
[SourceQuality "1"]

1. d4 Nf6 2. Nf3 e6 3. g3 b6 4. Bg2 Bb7 5. c4 Bb4+ 6. Bd2 Bxd2+ 7. Qxd2 0-0 8. Nc3 d6 9. Qc2 c5 10. e4 cxd4 11. Nxd4 a6 12. 0-0 Qc7 13. b3 Nbd7 14. Rac1 Rac8 15. Kh1 Rfd8 16. f4 Qb8 17. Qe2 Qa8 18. f5 e5 19. Nc2 b5 20. Nd5 bxc4 21. bxc4 Bxd5 22. exd5 a5 23. g4 h6 24. h4 Qa6 25. Ne3 Nh7 26. Be4 Ndf6 27. Bb1 Rc5 28. g5 hxg5 29. hxg5 Nxd5 30. Nxd5 Rxd5 31. f6 Rd4 32. Qh5 Qb7+ 33. Kg1 Nf8 34. fxg7 Kxg7 35. Rf2 Rf4 36. Rh2 Qb6+ 37. c5 Rg4+ 38. Qxg4 dxc5 39. Qh4 c4+ 40. Kh1 Ng6 41. Bxg6 Qxg6 42. Qh6+ Qxh6 43. gxh6+ Kh7 44. Rxc4 1-0

[Event "BL 1213 (Women)"]
[Site "Germany"]
[Date "2012.12.16"]
[Round "5.6"]
[White "Gabriel, Marina"]
[Black "Toth, Lili"]
[Result "1/2-1/2"]
[WhiteElo "1991"]
[BlackElo "2168"]
[PlyCount "69"]
[EventDate "2012.10.06"]
[EventType "team-tourn"]
[EventRounds "11"]
[EventCountry "GER"]
[SourceTitle "EXT 2014"]
[Source "ChessBase"]
[SourceDate "2013.11.20"]
[SourceVersion "1"]
[SourceVersionDate "2013.11.20"]
[SourceQuality "1"]
[WhiteTeam "Deizisau (W)"]
[BlackTeam "Friedberg (W)"]
[WhiteTeamCountry "GER"]
[BlackTeamCountry "GER"]

1. d4 Nf6 2. c4 e6 3. g3 d5 4. Nf3 c6 5. Bg2 Nbd7 6. cxd5 exd5 7. 0-0 Bd6 8. Nc3 0-0 9. Qc2 Re8 10. Nd2 Nb6 11. Re1 Be6 12. a3 Qc8 13. e4 dxe4 14. Ndxe4 Be7 15. Bg5 Qd8 16. Nc5 Bc8 17. Rad1 h6 18. Bxf6 Bxf6 19. Rxe8+ Qxe8 20. N5e4 Be7 21. d5 cxd5 22. Nxd5 Nxd5 23. Rxd5 Be6 24. Rd2 Rc8 25. Qd1 Qb5 26. Nc3 Qb6 27. Nd5 Bxd5 28. Bxd5 Bg5 29. Rc2 Rd8 30. Qf3 Bf6 31. b4 a5 32. Bxb7 axb4 33. axb4 Qxb4 34. Rc8 Rxc8 35. Bxc8 1/2-1/2

[Event "HUN-ch (Women)"]
[Site "Szeged"]
[Date "2011.10.05"]
[Round "9"]
[White "Toth, Lili"]
[Black "Gara, Ticia"]
[Result "0-1"]
[WhiteElo "2216"]
[BlackElo "2375"]
[PlyCount "62"]
[EventDate "2011.09.27"]
[EventType "tourn"]
[EventRounds "9"]
[EventCountry "HUN"]
[EventCategory "1"]
[SourceTitle "CBM 144 Extra"]
[Source "ChessBase"]
[SourceDate "2011.10.28"]
[SourceVersion "1"]
[SourceVersionDate "2011.10.28"]
[SourceQuality "1"]

1. d4 Nf6 2. c4 c5 3. Nf3 cxd4 4. Nxd4 Nc6 5. Nc3 Qb6 6. e3 g6 7. Be2 Bg7 8. 0-0 0-0 9. Nb3 a5 10. e4 a4 11. Be3 Qd8 12. Nd4 Qa5 13. Rc1 d6 14. Ndb5 Nd7 15. f4 Nc5 16. e5 a3 17. b3 Ne6 18. Nd5 Qd8 19. exd6 exd6 20. Nb6 Rb8 21. Nxc8 Qxc8 22. f5 gxf5 23. Rxf5 Ned4 24. Rg5 Nxe2+ 25. Qxe2 Qe6 26. Qf2 Kh8 27. Nd4 Qxe3 28. Qxe3 Bxd4 29. Qxd4+ Nxd4 30. Rd1 Ne2+ 31. Kf2 Nc3 0-1

[Event "HUN-ch (Women)"]
[Site "Szeged"]
[Date "2011.10.04"]
[Round "8"]
[White "Varga, Melinda"]
[Black "Toth, Lili"]
[Result "1-0"]
[WhiteElo "2139"]
[BlackElo "2216"]
[PlyCount "123"]
[EventDate "2011.09.27"]
[EventType "tourn"]
[EventRounds "9"]
[EventCountry "HUN"]
[EventCategory "1"]
[SourceTitle "CBM 144 Extra"]
[Source "ChessBase"]
[SourceDate "2011.10.28"]
[SourceVersion "1"]
[SourceVersionDate "2011.10.28"]
[SourceQuality "1"]

1. Nf3 c5 2. c4 Nc6 3. Nc3 g6 4. g3 e5 5. Bg2 Bg7 6. d3 d6 7. 0-0 Nge7 8. Ne1 Be6 9. Nc2 d5 10. cxd5 Nxd5 11. Ne4 b6 12. Ng5 Qd7 13. Nxe6 Qxe6 14. Na3 0-0 15. Nb5 Rad8 16. Qa4 Nd4 17. Re1 Nxb5 18. Qxb5 Nb4 19. Qa4 Qd7 20. Qb3 Nc6 21. Be3 Nd4 22. Bxd4 exd4 23. a4 Bh6 24. Red1 Rfe8 25. Bf3 Re5 26. Qb5 Qd6 27. a5 c4 28. Qxc4 bxa5 29. Ra4 Rc5 30. Qa2 Qb6 31. Ra1 Bd2 32. Rb1 Bb4 33. Qb3 Qd6 34. Raa1 Qc7 35. Qd1 Rc2 36. Rc1 Rc8 37. Rxc2 Qxc2 38. Qxc2 Rxc2 39. Rb1 Kf8 40. Kf1 Ke7 41. Bd5 Bd2 42. Kg2 f6 43. h4 Kd6 44. Bg8 h6 45. Bf7 g5 46. hxg5 hxg5 47. g4 Kc5 48. b3 Bc3 49. Kf3 Kb4 50. Be8 Bb2 51. Ba4 Bc1 52. Ra1 Bd2 53. Rh1 Ra2 54. Rh6 Rxa4 55. bxa4 Kxa4 56. Rxf6 Kb5 57. Ke4 Bc3 58. f4 a4 59. fxg5 Bd2 60. g6 Bh6 61. Rf7 a5 62. g7 1-0

[Event "HUN-ch (Women)"]
[Site "Szeged"]
[Date "2011.10.01"]
[Round "5"]
[White "Gara, Anita"]
[Black "Toth, Lili"]
[Result "1/2-1/2"]
[WhiteElo "2340"]
[BlackElo "2216"]
[PlyCount "108"]
[EventDate "2011.09.27"]
[EventType "tourn"]
[EventRounds "9"]
[EventCountry "HUN"]
[EventCategory "1"]
[SourceTitle "CBM 144 Extra"]
[Source "ChessBase"]
[SourceDate "2011.10.28"]
[SourceVersion "1"]
[SourceVersionDate "2011.10.28"]
[SourceQuality "1"]

1. e4 e6 2. d4 d5 3. Nc3 Bb4 4. Nge2 dxe4 5. a3 Be7 6. Nxe4 Nf6 7. N2g3 Nbd7 8. Nxf6+ Nxf6 9. Bd3 c5 10. dxc5 Bxc5 11. Bg5 Qa5+ 12. Bd2 Qb6 13. 0-0 0-0 14. b4 Be7 15. Qe2 Rd8 16. Rfe1 Bd7 17. c4 Qc7 18. Bc3 b6 19. Be5 Bd6 20. Bxf6 gxf6 21. Qg4+ Kf8 22. Bxh7 Be5 23. Rac1 Bc6 24. Qe2 Rd4 25. Bb1 Rad8 26. Rcd1 Bb7 27. Rxd4 Rxd4 28. Bd3 Qd6 29. Rd1 f5 30. Bc2 Qc6 31. f3 Qd6 32. Nf1 Ba6 33. b5 Bb7 34. h3 Qc5 35. Rxd4 Bxd4+ 36. Kh1 Qxa3 37. Qd3 Qxd3 38. Bxd3 Bf2 39. Nd2 Ke7 40. Kh2 Be1 41. Nb3 Kd6 42. Kg1 Ke5 43. Kf1 Bh4 44. Ke2 Kf4 45. Nd4 Bf6 46. Nc2 e5 47. Ne3 e4 48. g3+ Kxg3 49. Nxf5+ Kf4 50. fxe4 Bxe4 51. Bxe4 Kxe4 52. Nd6+ Kd4 53. Nc8 Kxc4 54. Nxa7 Bg5 1/2-1/2

[Event "George Marx Memorial (Women) 8th"]
[Site "Paks"]
[Date "2010.08.09"]
[Round "4"]
[White "Toth, Lili"]
[Black "Vajda, Szidonia"]
[Result "0-1"]
[WhiteElo "2235"]
[BlackElo "2338"]
[PlyCount "88"]
[EventDate "2010.08.06"]
[EventType "tourn"]
[EventRounds "10"]
[EventCountry "HUN"]
[EventCategory "4"]
[SourceTitle "CBM 137 Extra"]
[Source "ChessBase"]
[SourceDate "2010.09.01"]
[SourceVersion "1"]
[SourceVersionDate "2010.09.01"]
[SourceQuality "1"]

1. c4 Nf6 2. Nf3 e6 3. e3 d5 4. b3 c6 5. Bb2 Nbd7 6. Be2 Bd6 7. cxd5 exd5 8. d3 0-0 9. Nbd2 Re8 10. 0-0 Nf8 11. Qc2 Ng6 12. Rfe1 Qe7 13. a3 a5 14. Qc1 Ng4 15. Nf1 N6e5 16. Nxe5 Bxe5 17. Bxe5 Qxe5 18. d4 Qg5 19. f4 Qg6 20. Bxg4 Bxg4 21. Qd2 h5 22. Qf2 Bf5 23. b4 Bd3 24. Nd2 axb4 25. axb4 Qd6 26. b5 Rxa1 27. Rxa1 Bxb5 28. Nf3 f6 29. Re1 Bd3 30. Qh4 Bg6 31. h3 Ra8 32. g4 hxg4 33. hxg4 Be4 34. Nd2 Bd3 35. Nf3 Ra2 36. Qh5 g6 37. Qh4 Be4 38. Qh3 Qd7 39. Qg3 Qc7 40. Qh3 Qh7 41. Qg3 Bxf3 42. Qxf3 Qh4 43. Rb1 f5 44. gxf5 gxf5 0-1

[Event "GER-chT Federal Cup (Women)"]
[Site "Braunfels"]
[Date "2010.06.04"]
[Round "3"]
[White "Zhang, Fan"]
[Black "Toth, Lili"]
[Result "1/2-1/2"]
[WhiteElo "2057"]
[BlackElo "2198"]
[PlyCount "55"]
[EventDate "2010.06.03"]
[EventType "team-swiss"]
[EventRounds "5"]
[EventCountry "GER"]
[SourceTitle "CBM 136 Extra"]
[Source "ChessBase"]
[SourceDate "2010.07.02"]
[SourceVersion "2"]
[SourceVersionDate "2010.07.15"]
[SourceQuality "1"]

1. d4 Nf6 2. c4 e6 3. Nc3 Bb4 4. Qc2 Nc6 5. Nf3 0-0 6. Bd2 d6 7. a3 Bxc3 8. Bxc3 Qe7 9. e3 a5 10. b3 e5 11. d5 Nb8 12. Be2 Bg4 13. 0-0 Bh5 14. Rfc1 Bg6 15. Qd1 Ne4 16. Be1 Nd7 17. b4 f5 18. Nd2 axb4 19. Nxe4 fxe4 20. axb4 b6 21. Rxa8 Rxa8 22. Ra1 Qd8 23. Bg4 Nf6 24. Be6+ Bf7 25. Bxf7+ Kxf7 26. b5 Rxa1 27. Qxa1 Nd7 28. Bb4 1/2-1/2

[Event "HUN-ch (Women)"]
[Site "Nagykanizsa"]
[Date "2010.05.20"]
[Round "6"]
[White "Papp, Petra"]
[Black "Toth, Lili"]
[Result "1/2-1/2"]
[WhiteElo "2270"]
[BlackElo "2175"]
[PlyCount "68"]
[EventDate "2010.05.14"]
[EventType "tourn"]
[EventRounds "9"]
[EventCountry "HUN"]
[SourceTitle "CBM 136 Extra"]
[Source "ChessBase"]
[SourceDate "2010.07.02"]
[SourceVersion "2"]
[SourceVersionDate "2010.07.15"]
[SourceQuality "1"]

1. e4 c5 2. Nf3 d6 3. d4 cxd4 4. Nxd4 Nf6 5. Nc3 Nc6 6. Bg5 e6 7. Qd2 Be7 8. 0-0-0 a6 9. f4 Nxd4 10. Qxd4 b5 11. Bxf6 gxf6 12. e5 d5 13. Be2 Rg8 14. Bf3 Bb7 15. Qd3 f5 16. g4 b4 17. Ne2 fxg4 18. Qxh7 Rg6 19. Be4 dxe4 20. Qh8+ Bf8 21. Rxd8+ Rxd8 22. Qh4 Bc5 23. Qg3 e3 24. Rd1 Bf3 25. Rxd8+ Kxd8 26. Kd1 Rh6 27. Ke1 Be7 28. Qg1 Bh4+ 29. Ng3 Bxg3+ 30. Qxg3 Rh3 31. Qg1 g3 32. Qxe3 gxh2 33. Qb6+ Kc8 34. Qc5+ Kd7 1/2-1/2